Zákon Slovenskej národnej rady č. 318/1992 Zb. o dani z dedičstva, dani z darovania a dani z prevodu a prechodu nehnuteľností v znení zákona č. 87/1993 Z.z.

Enregistré dans:
Détails bibliographiques
Auteur principal: Schultzová, Anna
Format: Livre
Langue:slovaque
Publié: [Bratislava] Letra & Line 1996
Édition:1. vyd.
Collection:Daňové praktikum 6
Sujets:
Tags: Ajouter un tag
Pas de tags, Soyez le premier à ajouter un tag!

MARC

LEADER 00000nam a2200000 4500
001 c013201
005 20221214072433.7
020 |a 80-85513-14-5 
041 0 |a slo 
044 |a SK 
245 1 0 |a Zákon Slovenskej národnej rady č. 318/1992 Zb. o dani z dedičstva, dani z darovania a dani z prevodu a prechodu nehnuteľností v znení zákona č. 87/1993 Z.z.  |c Anna Schultzová 
250 |a 1. vyd. 
264 1 |a [Bratislava]  |b Letra & Line  |c 1996 
300 |a 27 s. 
490 1 |a Daňové praktikum  |v 6 
830 0 |a Daňové praktikum  |v 6 
610 2 0 |a dane z dedičstva 
610 2 0 |a dane z nehnuteľností 
610 2 0 |a Slovensko 
100 1 |a Schultzová, Anna